| 000 | 01145nam a2200265Ia 4500 | ||
|---|---|---|---|
| 003 | OSt | ||
| 005 | 20210503151252.0 | ||
| 008 | 210310s2013 sp gr 000 0 spa d | ||
| 020 | _a9788436828283 | ||
| 040 |
_aCO-JMCR _cCO-JMCR |
||
| 041 | 0 | _aspa | |
| 082 | 0 | 4 |
_a330.94 / _bB837e _223 |
| 100 | 1 |
_aBuitrago Esquinas, María Eva, _eautor _926130 |
|
| 245 | 1 | 0 |
_aEconomía de la unión europea / _cEva María Buitrago Esquinas, Luis Benjamín Romero Landa |
| 260 |
_aMadrid, España : _bPirámide, _c2013. |
||
| 300 |
_a427 páginas : _bIlustraciones y gráficos en blanco y negro ; _c24 cm. |
||
| 490 | 0 | _aColección, economía y empresa | |
| 500 | _aIncluye notas a pie de pagina. | ||
| 504 | _abibliografía : páginas 427. | ||
| 505 | 0 | _aIntroducción: teoría de la integración económica y visón global de la integración europea. -- La integración de mercados. -- La integración monetaria. -- El presupuesto de la Unión Europea y políticas internas. | |
| 650 | 1 | 4 |
_aintegración económica _926132 |
| 650 | 2 | 4 |
_aintegración monetaria _937389 |
| 700 | 1 |
_aRomero Landa, Luis Benjamín, _eautor _937390 |
|
| 942 |
_2ddc _cBK |
||
| 999 |
_c11666 _d11666 |
||